00542nam a2200205Ia 4500008004100000020002200041050001500063050001400078245002100092245008200113260001500195260001900210260000900229300001600238300002600254300001100280500002000291650001500311650001000326200601s9999 xx 000 0 und d a978-0-2412-8939-6 aCUL TX 353 b.H69 2017 0aHow food works / 0ceditorial consultant, Dr. Sarah Brewer; contributors, Joel Levy, Ginny Smith. aNew York : bDK Publishing, c2017 a255 pages : bcolor illustrations ; c24 cm. aIncludes index. aNutrition. xFood.